Minecraft の進捗名(英語から日本語) - Statistics

General Stats
  • This quiz has been taken 52 times
  • The average score is 25 of 124
Answer Stats
進捗(英) 進捗(日) % Correct
Stone Age 石器時代
83%
Getting an Upgrade アップグレード
76%
Hot Stuff ホットスタッフ
72%
Diamonds! ダイヤモンド!
67%
Ice Bucket Challenge アイス・バケツ・チャレンジ
63%
The End? おしまい?
61%
Not Today, Thank You 今日はやめておきます
59%
Cover Me with Diamonds ダイヤモンドで私を覆って
59%
Sneak 100 スニーク100
57%
Isn't It Iron Pick 鉄のツルハシで決まり
54%
Eye Spy アイ・スパイ
54%
Monster Hunter モンスターハンター
50%
Is It a Balloon? あれは風船?
46%
We Need to Go Deeper さらなる深みへ
43%
Nether ネザー
43%
Suit Up 装備せよ
39%
Zombie Doctor ゾンビドクター
39%
War Pigs ブタ戦争
39%
How Did We Get Here? どうやってここまで?
39%
Free the End エンドの解放
39%
Is It a Bird? あれは鳥?
39%
Hero of the Village 村の英雄
39%
Is It a Plane? あれは飛行機?
37%
The End... Again... おしまい…再び…
35%
Into Fire 炎の中へ
33%
Oh Shiny わーいぴかぴか!
30%
Hot Tourist Destinations ホットな観光地
30%
The Next Generation ザ・ネクストジェネレーション
30%
Adventure 冒険
30%
Two Birds, One Arrow 一石二鳥
30%
Minecraft Minecraft
30%
Beaconator ビーコネーター
28%
The End ジ・エンド
28%
Great View From Up Here ここからの素晴らしい眺め
28%
Acquire Hardware 金属を手に入れる
26%
Who is Cutting Onions? 玉ねぎを切っているのは誰?
26%
Best Friends Forever 永遠の親友となるだろう
26%
Subspace Bubble 亜空間バブル
24%
Cover me in Debris 残骸で私を覆って
24%
Enchanter エンチャントの使い手
22%
Return to Sender 差出人に返送
22%
A Terrible Fortress 恐ろしい要塞
22%
Spooky Scary Skeleton 不気味で怖いスケルトン
22%
A Furious Cocktail 猛烈なカクテル
22%
The City at the End of the Game ゲームの果ての都市
22%
Sweet Dreams 良い夢見てね
22%
Fishy Business 生臭い仕事
22%
Those Were the Days 兵どもが夢の跡
20%
Bring Home the Beacon 生活のビーコン
20%
Take Aim 狙いを定めて
20%
Adventuring Time 冒険の時間
20%
What a Deal! 良い取引だ!
17%
Sticky Situation べとべとな状況
17%
Who's the Pillager Now? どっちが略奪者?
17%
Sniper Duel スナイパー対決
17%
Wax On 錆止め
17%
Two by Two 二匹ずつ
17%
Local Brewery 町のお薬屋さん
15%
Ol' Betsy おてんば
15%
It Spreads 「それ」は侵食する
15%
Star Trader 星の商人
15%
Sound of Music サウンド・オブ・ミュージック
15%
A Seedy Place 種だらけの場所
15%
Uneasy Allience 不安な同盟
13%
Remote Getaway 遠方への逃走
13%
Sky's the Limit 空はどこまでも高く
13%
Caves & Cliffs 洞窟と崖
13%
Hired Help お手伝いさん
13%
Minecraft: Trial(s) Edition Minecraft: トライアル版
13%
Hidden in the Depth 深淵に隠されしもの
11%
This Boat Has Legs 足のついたボート
11%
Feels Like Home 実家のような安心感
11%
You Need a Mint 口臭に気をつけよう
11%
Voluntary Exile 自主的な亡命
11%
Postmortal 死を超えて
11%
Bullseye 的中
11%
The Parrots and the Bats コウノトリの贈り物
11%
Whatever Floats Your Goat! あなたのヤギたい様に!
11%
Birthday Song バースデー・ソング
11%
Tactical Fishing 戦術的漁業
11%
Wax Off 錆止め落とし
11%
Not Quite "Nine" Lives 人に九生なし
9%
Withering Heights 荒が丘
9%
Country Lode, Take Me Home この道をずっとゆけば
9%
Crafting a New Look おニューの衣装
9%
Monsters Hunted モンスター狩りの達人
9%
Light as a Rabbit ウサギのように軽く
9%
Crafters Crafting Crafters 自動作業台製自動作業台
9%
Who Needs Rockets? ロケットいらず
9%
Bukkit Bukkit おけおけ
9%
The Power of Books 本は力なり
7%
A Throwaway Joke もったいぶった一言
7%
Revaulting 怪錠
7%
Over-Overkill 超・やり過ぎ
7%
Glow and Behold! この輝きに驚くことなかれ!
7%
A Balanced Diet バランスの取れた食事
7%
Smithing with Style オシャレな鍛冶職人
4%
Very Very Frightening とてもとても恐ろしい
4%
You've Got a Friend in Me 君はともだち
4%
Smells Interesting 興味深い匂い
4%
A Complete Catalogue 猫大全集
4%
Serious Dedication 真面目な献身
4%
The Cutest Predator いちばんカワイイ捕食者
4%
The Whole Pack ワンチーム
4%
Heart Transplanter 心臓移植者
2%
Surge Protector 危機一髪
2%
Respecting the Remnants 文明の面影に敬意を
2%
Careful Restoration 丁寧な修復作業
2%
Lighten Up 明るくなーれ
2%
Under Lock and Key 錠と鍵に隠されしもの
2%
Blowback 逆風
2%
Husbandry 農業
2%
Stay Hydrated! 水分補給を忘れずに!
2%
Bee Our Guest 秘蜜の晩餐会
2%
With Our Powers Combined! 僕たちの力を合わせて!
2%
The Healing Power of Friendship! 友情の癒しパワー!
2%
Good as New まるで新品
2%
Arbalistic クロスボウの達人
0%
Isn't It Scute? 可鱗でしょう?
0%
Total Beelocation 綿蜜な引っ越し
0%
When the Squad Hops into Town みんなで町に跳び込もう
0%
Little Sniffs 可愛らしい鼻の音
0%
Planting the Past 遥か古の植物
0%
Shear Brilliance キレがいいね
0%
No matching quizzes found
Score Distribution
Percent of People with Each Score
Percentile by Number Answered
Your Score History
You have not taken this quiz